Central Library OPAC University of Rajshahi

Empire and communications / (Record no. 21299)

MARC details
000 -LEADER
fixed length control field 00829nam a2200289 4500
001 - CONTROL NUMBER
control field 21299
003 - CONTROL NUMBER IDENTIFIER
rucl marc code BD-RjUL
005 - DATE AND TIME OF LATEST TRANSACTION
control field 20211209000653.0
008 - FIXED-LENGTH DATA ELEMENTS--GENERAL INFORMATION
fixed length control field 140304s1950 enk b 001 0 eng
035 ## - SYSTEM CONTROL NUMBER
System control number (BD-RjUL)21363
System control number (OCoLC)03227158
040 ## - CATALOGING SOURCE
Original cataloging agency DLC
Transcribing agency OCP
Modifying agency SER
-- UKM
-- MYG
-- BD-RjUL
Language of cataloging eng
041 ## - LANGUAGE CODE
Language code of text/sound track or separate title eng
082 ## - DEWEY DECIMAL CLASSIFICATION NUMBER
Classification number 411
Author mark and year INE 1950
100 1# - MAIN ENTRY--PERSONAL NAME
Personal name Innis, Harold Adams,
Dates associated with a name 1894-1952.
9 (RLIN) 65855
245 10 - TITLE STATEMENT
Title Empire and communications /
Statement of responsibility, etc. Harold Adams Innis.
260 ## - PUBLICATION, DISTRIBUTION, ETC. (IMPRINT)
Place of publication, distribution, etc. Oxford :
Name of publisher, distributor, etc. Clarendon Press,
Date of publication, distribution, etc. 1950.
300 ## - PHYSICAL DESCRIPTION
Pagination 230 p. ;
Size 20 cm.
490 1# - SERIES STATEMENT
Series statement Belt lectures on imperial economic history
Volume/sequential designation [1948]
504 ## - BIBLIOGRAPHY, ETC. NOTE
Bibliography, etc Includes index.
650 #0 - SUBJECT ADDED ENTRY--TOPICAL TERM
Topical term or geographic name as entry element Communication.
9 (RLIN) 65856
830 #0 - SERIES ADDED ENTRY--UNIFORM TITLE
Volume number/sequential designation 1948.
Uniform title Belt lectures ;
942 ## - ADDED ENTRY ELEMENTS (KOHA)
Source of classification or shelving scheme Dewey Decimal Classification
Koha item type Books
Holdings
Lost status Source of classification or shelving scheme Damaged status Not for loan Collection code Permanent Location Current Location Shelving location Date acquired Source of acquisition Cost, normal purchase price Total Checkouts Full call number Date last seen Copy number Koha item type
  Dewey Decimal Classification   Added to bundle Non-fiction Central Library, University of Rajshahi Central Library, University of Rajshahi Reading Room 22/06/1955 O. U. P 8.70   411 INE 1950 04/03/2014 C-1 Books